000 00944nam a2200325 a 4500
003 AR-BaBNM
005 20251128210515.0
008 082120s2002 ||||||||||||||000 | spa||
020 _a84-7584-342-5
040 _cAR-BaBNM
245 0 0 _aCalidad en la universidad
_borientación y evaluación
250 _a1ª ed.
260 _aBarcelona
_bLaertes
_c1997
300 _a270 p.
_btablas, gráfs.
490 0 _aPsicopedagogía
_vv. 84
504 _aContiene bibliografía
650 4 _aUNIVERSIDADES
650 4 _aCALIDAD DE LA EDUCACION
650 4 _aPROFESORES UNIVERSITARIOS
653 _aEDUCACION SUPERIOR
653 _aEVALUACION EDUCATIVA
653 _aORIENTACION VOCACIONAL
653 _aEVALUACION INSTITUCIONAL
700 1 _aApodaca, Pedro
_eeditor
700 1 _aLobato, Clemente
_eeditor
800 1 _aRodríguez, María Luisa
_edirector
800 1 _aLarrosa, Jorge
_edirector
942 _cBK
998 _cRaquel
999 _c15727
_d15727